| 000 | 01358cam a2200325 a 4500 | ||
|---|---|---|---|
| 001 | 17196514 | ||
| 003 | Nust- CAS-E | ||
| 005 | 20180118181356.0 | ||
| 008 | 120306s2012 nyua b 001 0 eng | ||
| 010 | _a 2011275796 | ||
| 020 | _a9780071772211 | ||
| 020 | _a0071772219 | ||
| 040 |
_aDLC _cDLC _dDLC |
||
| 042 | _apcc | ||
| 050 | 0 | 0 |
_aTK1191 _b.K397 2012 |
| 082 | 0 | 0 |
_a621.31/042 _223 _bKIA 2012 |
| 100 | 1 | _aKiameh, Philip. | |
| 245 | 1 | 0 |
_aPower plant equipment operation and maintenance guide : _bmaximizing efficeincy and profitability / _cPhilip Kiameh. |
| 260 |
_aNew York : _bMcGraw Hill, _cc2012. |
||
| 300 |
_axxx, 738 p. : _bill. ; _c24 cm. |
||
| 504 | _aIncludes bibliographical references and index. | ||
| 650 | 0 |
_aElectric power-plants _xEquipment and supplies. |
|
| 650 | 0 |
_aElectric power-plants _xMaintenance and repair. |
|
| 650 | 0 |
_aElectric machinery _xMaintenance and repair. |
|
| 856 | 4 | 2 |
_3Contributor biographical information _uhttp://www.loc.gov/catdir/enhancements/fy1210/2011275796-b.html |
| 856 | 4 | 2 |
_3Publisher description _uhttp://www.loc.gov/catdir/enhancements/fy1210/2011275796-d.html |
| 906 |
_a7 _bcbc _corigres _d2 _encip _f20 _gy-gencatlg |
||
| 942 |
_2ddc _cBK |
||
| 999 |
_c355296 _d355296 |
||